| 000 | 00750cam a2200265 i 4500 | ||
|---|---|---|---|
| 001 | 11692 | ||
| 003 | BD-RjUL | ||
| 005 | 20211208235152.0 | ||
| 008 | 140127s1977 fr b i000 0 eng | ||
| 020 | _a9231015257 | ||
| 035 | _a(BD-RjUL)11741 | ||
| 040 |
_aDLC _cDLC _dDLC _dBD-RjUL _beng |
||
| 041 | _aeng | ||
| 082 | 0 | 0 |
_a341.767 _bUNT 1977 |
| 110 | 2 |
_aUnesco. _936176 |
|
| 245 | 1 | 0 |
_aThinking ahead : _bUnesco and the challenges of today and tomorrow / _cUnesco. |
| 260 |
_aParis : _bUnesco, _cc1977. |
||
| 300 |
_a363 p. ; _c24 cm. |
||
| 500 | _a"Unesco's Medium-Term Plan for 1977-1982" | ||
| 504 | _aIncludes bibliographical references. | ||
| 610 | 2 | 0 |
_aUnesco. _936177 |
| 942 |
_2ddc _cBK |
||
| 999 |
_c11692 _d11692 |
||